Spieler, die Dimitri Van den Bergh bei der Darts WM besiegten - Statistiken

Allgemein
  • Dieses Quiz wurde 88 mal gespielt
    7 seit der letzten Aktualisierung
  • Das Durchschnittsergebnis liegt bei 7 aus 11
Antwortstatistiken
Jahr Runde Nationalität Spieler % Korrekt
2023 Halbfinale Niederlande Michael van Gerwen
100%
2018 Viertelfinale England Rob Cross
100%
2017 1. Runde Spanien Cristo Reyes
80%
2022 2. Runde Deutschland Florian Hempel
80%
2024 2. Runde Deutschland Florian Hempel
80%
2019 3. Runde England Luke Humphries
80%
2020 Viertelfinale England Nathan Aspinall
80%
2026 1. Runde Schottland Darren Beveridge
60%
2025 3. Runde England Callan Rydz
40%
2016 2. Runde Niederlande Benito van de Pas
20%
2021 Achtelfinale England Dave Chisnall
20%
Keine übereinstimmenden Quizze gefunden
Verteilung der Resultate
Anzahl Personen mit jedem Resultat
Perzentil nach korrekt beantworteten Fragen
Ihre Resultats-Entwicklung
Sie haben dieses Quiz seit der letzten Aktualisierung nicht gespielt